000 00621nam a2200241Ia 4500
003 OSt
005 20221006142917.0
006 a|||||r|||| 00| 0
007 ta
008 221006b |||||||| |||| 00| 0 eng d
020 _c
_6.00
024 _a7,503
037 _bGift,
_cTextual
040 _aEASL
_cEASL
_beng
041 _2eng
_aeng
082 _aV42:19436.N76, L7
245 0 _aJapan -Indonesia relations in the context of regionalism in Asia
260 _c1974
300 _a160p.
_ccm.
490 _v JEL
942 _hV42:19436.N76, L7
_cTEXL
_2CC
999 _c1075589
_d1075589